000 00313nam a22001337a 4500
008 171006b xxu||||| |||| 00| 0 eng d
020 _a2901605478615
041 _aeng
080 _25TH
_a159.9
100 _a49
101 _aPSI
245 _aPSYCHIATRIC-MENTAL HEALTH NURSING
_cVIDEBECK,SH.L
942 _2udc
_cBK
999 _c32154
_d32154